Memoria del IV Congreso Universitario Centroamericano

Сохранить в:
Библиографические подробности
Соавтор: CSUCA
Формат: Текст
Опубликовано: San José: EDUCA
Метки: Добавить метку
Нет меток, Требуется 1-ая метка записи!

MARC

LEADER 00000 a a2200000 04500
001 24052
003
040
090 |a 170700  
110 |a CSUCA  
245 |a Memoria del IV Congreso Universitario Centroamericano  
260 |a San José:   |b EDUCA  
300 |a 123 p.  
999 |c 8793  |d 8793